[Event "Kaupthing Open 2008"]
[Site "Differdange LUX"]
[Date "2008.05.10"]
[Round "1.1"]
[White "Socko, Bartosz"]
[Black "Macak, Stefan"]
[Result "1-0"]
[WhiteElo "2644"]
[BlackElo "2342"]
[PlyCount "135"]
[EventDate "2008.05.10"]
[EventType "swiss"]
[EventRounds "9"]
[EventCountry "LUX"]
[Source "lmi"]
[SourceDate "2008.05.10"]

1. d4 Nf6 2. c4 e6 3. Nf3 b6 4. g3 Ba6 5. Qa4 Bb7 6. Bg2 c5 7. dxc5 Bxc5 8. O-O
O-O 9. Nc3 Na6 10. Bf4 Be7 11. Rfd1 Nc5 12. Qc2 Qc8 13. Rd4 d5 14. cxd5 Nxd5
15. Nxd5 Bxd5 16. Ng5 Bxg5 17. Bxg5 Bxg2 18. Kxg2 e5 19. Rc4 Qb7+ 20. f3 e4 21.
Be3 exf3+ 22. exf3 Ne6 23. a4 Rac8 24. Rc1 Rxc4 25. Qxc4 Rd8 26. b4 Kf8 27. b5
Rd7 28. Kf2 Rc7 29. Qb4+ Ke8 30. Qd6 Rxc1 31. Bxc1 Qc7 32. Qxc7 Nxc7 33. Ke2
Ne6 34. Be3 Kd7 35. Kd3 Nc7 36. Kc4 Ne8 37. Bf4 Ke6 38. Bb8 Nd6+ 39. Kd4 Nc8
40. g4 g5 41. Ke4 Nd6+ 42. Kd3 Nc8 43. Kd4 f6 44. Ke4 Ke7 45. Kd4 Ke6 46. Kc4
Ke7 47. Kd5 Kd7 48. Bg3 Ne7+ 49. Kc4 Ke6 50. h3 Nc8 51. Bb8 Ke7 52. Kd5 Kd7 53.
f4 h6 54. Kd4 Ke6 55. f5+ Kd7 56. Kc4 Nd6+ 57. Kd5 Nc8 58. Kd4 Kd8 59. Bg3 Ne7
60. Bd6 Kd7 61. Bb4 Ke8 62. Ke4 Kd7 63. Bc3 Ng8 64. Bb2 Kd8 65. Kd5 Kd7 66. Ba3
h5 67. gxh5 Nh6 68. Bf8 1-0

[Event "Kaupthing Open 2008"]
[Site "Differdange LUX"]
[Date "2008.05.10"]
[Round "1.2"]
[White "Vatter, Hans-Joachim"]
[Black "Istratescu, Andrei"]
[Result "0-1"]
[WhiteElo "2325"]
[BlackElo "2628"]
[PlyCount "108"]
[EventDate "2008.05.10"]
[EventType "swiss"]
[EventRounds "9"]
[EventCountry "LUX"]
[Source "lmi"]
[SourceDate "2008.05.10"]

1. e4 c5 2. Nf3 d6 3. d4 cxd4 4. Nxd4 Nf6 5. Nc3 a6 6. Bg5 e6 7. f4 Qc7 8. Qf3
b5 9. Bd3 Nbd7 10. a3 Bb7 11. Bh4 Be7 12. O-O Nc5 13. Bg3 O-O 14. Qe2 Nfd7 15.
Rae1 Rad8 16. Kh1 Bf6 17. Nf3 Bxc3 18. bxc3 e5 19. Nh4 exf4 20. Rxf4 Ne5 21.
Nf5 f6 22. Rh4 g6 23. Nd4 Rde8 24. Bxe5 fxe5 25. Nf3 Qe7 26. Rg4 Kg7 27. Rg3
Ne6 28. c4 Nf4 29. Qd2 Nh5 30. Rg4 Bc8 31. Rg5 bxc4 32. Bxc4 h6 33. Rxh5 gxh5
34. Rb1 Bg4 35. Bxa6 Rb8 36. Rf1 Qa7 37. Be2 Qxa3 38. h3 Bxf3 39. Bxf3 h4 40.
Rd1 Qc5 41. Qxd6 Qxd6 42. Rxd6 Rb1+ 43. Kh2 Rc8 44. Bh5 Rf1 45. Rd7+ Kf8 46.
Rd5 Rxc2 47. Rxe5 Ra1 48. Re8+ Kg7 49. e5 Rc7 50. Re6 Ra4 51. Rg6+ Kh7 52. Rf6
Rc1 53. Re6 Ra7 54. Rf6 Raa1 0-1

[Event "Kaupthing Open 2008"]
[Site "Differdange LUX"]
[Date "2008.05.10"]
[Round "1.3"]
[White "Bauer, Christian"]
[Black "Leniart, Arkadiusz"]
[Result "1/2-1/2"]
[WhiteElo "2618"]
[BlackElo "2324"]
[PlyCount "111"]
[EventDate "2008.05.10"]
[EventType "swiss"]
[EventRounds "9"]
[EventCountry "LUX"]
[Source "lmi"]
[SourceDate "2008.05.10"]

1. d4 Nf6 2. Nf3 d5 3. c4 e6 4. g3 dxc4 5. Bg2 Nbd7 6. O-O Nb6 7. Qc2 Nfd5 8.
Bd2 Bd7 9. Na3 c3 10. Bxc3 Bxa3 11. bxa3 Ba4 12. Qc1 Nxc3 13. Qxc3 Bc6 14. Rfe1
O-O 15. e4 f5 16. exf5 exf5 17. Nh4 Bxg2 18. Nxg2 c6 19. Nf4 Nd5 20. Qb3 Rf7
21. Nxd5 Qxd5 22. Qxd5 cxd5 23. Rac1 Rd8 24. Kg2 f4 25. g4 g5 26. Re5 h6 27. h4
gxh4 28. Kh3 Rd6 29. Kxh4 Rb6 30. g5 Rg7 31. Rxd5 hxg5+ 32. Rxg5 Rb2 33. Rc8+
Kh7 34. Rh5+ Kg6 35. Rg5+ Kh7 36. Rxg7+ Kxg7 37. Kg5 Rxf2 38. Rc7+ Kf8 39. Rxb7
Rxa2 40. Kxf4 Rxa3 41. Ke5 Ra6 42. d5 Ke8 43. Rh7 Kd8 44. Rg7 Rh6 45. Rxa7 Rg6
46. Kd4 Rh6 47. Kc5 Rg6 48. Rb7 Rh6 49. Rb6 Rxb6 50. Kxb6 Kd7 51. Kc5 Kc7 52.
d6+ Kd7 53. Kd5 Kd8 54. Ke6 Ke8 55. d7+ Kd8 56. Kd6 1/2-1/2

[Event "Kaupthing Open 2008"]
[Site "Differdange LUX"]
[Date "2008.05.10"]
[Round "1.4"]
[White "Lasinskas, Povilas"]
[Black "Kritz, Leonid"]
[Result "0-1"]
[WhiteElo "2307"]
[BlackElo "2609"]
[PlyCount "129"]
[EventDate "2008.05.10"]
[EventType "swiss"]
[EventRounds "9"]
[EventCountry "LUX"]
[Source "lmi"]
[SourceDate "2008.05.10"]

1. d4 Nf6 2. Nf3 e6 3. c4 Bb4+ 4. Nbd2 b6 5. a3 Bxd2+ 6. Bxd2 Bb7 7. Bg5 d6 8.
e3 Nbd7 9. Bd3 h6 10. Bh4 g5 11. Bg3 h5 12. h3 Ne4 13. Qc2 f5 14. O-O-O Qf6 15.
h4 Nxg3 16. hxg5 Qg6 17. fxg3 O-O-O 18. Kb1 Rdf8 19. Rh3 Kb8 20. Rdh1 e5 21.
Nh4 Qxg5 22. Bxf5 Qxe3 23. d5 Rf7 24. g4 Qg5 25. Ng6 Rd8 26. Rxh5 Qf6 27. Rh8
Nf8 28. R8h6 Nxg6 29. Rxg6 Qe7 30. Qd2 Bc8 31. Rh5 Rdf8 32. Qd3 Qe8 33. Qe4 Qa4
34. Ka2 Ba6 35. b3 Qa5 36. Rgh6 Qd2+ 37. Kb1 Bc8 38. Rh8 Bxf5 39. Rxf8+ Rxf8
40. Rxf5 Rh8 41. Rf1 Rh2 42. Rg1 Qf2 43. Qe1 Qxe1+ 44. Rxe1 Rxg2 45. Re4 Kc8
46. b4 Kd7 47. c5 b5 48. Kc1 Ke7 49. g5 Rxg5 50. Rh4 Kf6 51. Rh7 Rg7 52. Rh5 e4
53. Kc2 Kg6 54. Rh8 Kf5 55. Rh5+ Kf4 56. Kc3 Rg3+ 57. Kd2 Rxa3 58. Rh7 dxc5 59.
bxc5 Rd3+ 60. Ke2 Rxd5 61. Rxc7 Ke5 62. Rc8 Kd4 63. c6 Kc5 64. Ke3 Kb6 65. Kxe4
0-1

[Event "Kaupthing Open 2008"]
[Site "Differdange LUX"]
[Date "2008.05.10"]
[Round "1.6"]
[White "Rudolf, Anna"]
[Black "Drozdovskij, Yuri"]
[Result "0-1"]
[WhiteElo "2302"]
[BlackElo "2581"]
[PlyCount "50"]
[EventDate "2008.05.10"]
[EventType "swiss"]
[EventRounds "9"]
[EventCountry "LUX"]
[Source "lmi"]
[SourceDate "2008.05.10"]

1. e4 e6 2. d4 d5 3. Nd2 c5 4. exd5 exd5 5. Bb5+ Nc6 6. dxc5 Bxc5 7. Ngf3 Bxf2+
8. Kxf2 Qb6+ 9. Kg3 Qxb5 10. c4 Qc5 11. Qe2+ Nge7 12. cxd5 Qxd5 13. Ne4 O-O 14.
Rd1 Qe6 15. Kf2 Ng6 16. b3 Re8 17. Re1 Bd7 18. Qd2 Nce5 19. Nxe5 Qxe5 20. Qc3
Rac8 21. Qxe5 Nxe5 22. Kg3 Rc6 23. h3 Rg6+ 24. Kh2 Bc6 25. Re3 f5 0-1

[Event "Kaupthing Open 2008"]
[Site "Differdange LUX"]
[Date "2008.05.10"]
[Round "1.7"]
[White "Schlosser, Philipp"]
[Black "Grover, Sahaj"]
[Result "1-0"]
[WhiteElo "2562"]
[BlackElo "2300"]
[PlyCount "81"]
[EventDate "2008.05.10"]
[EventType "swiss"]
[EventRounds "9"]
[EventCountry "LUX"]
[Source "lmi"]
[SourceDate "2008.05.10"]

1. c4 e6 2. Nc3 d5 3. d4 Nf6 4. cxd5 exd5 5. Bg5 c6 6. Qc2 Be7 7. e3 O-O 8. Bd3
Nbd7 9. Nf3 Re8 10. O-O Nf8 11. h3 Be6 12. Rfc1 a5 13. a3 N6d7 14. Bxe7 Qxe7
15. Na4 Rec8 16. b3 b6 17. Qb2 f6 18. Rc3 Bf7 19. Rac1 Qd6 20. Nh4 g6 21. R3c2
Ne6 22. Nf3 Kg7 23. Nc3 Rc7 24. Bf1 b5 25. Ne1 Nb6 26. Nd3 g5 27. Nc5 Rcc8 28.
a4 b4 29. Ne2 Nd7 30. Ng3 Bg6 31. Nxd7 Qxd7 32. Rd2 Qf7 33. Bd3 f5 34. Qb1 f4
35. Nf5+ Bxf5 36. Bxf5 fxe3 37. fxe3 h6 38. Bg4 Rc7 39. Rf2 Qe7 40. Bh5 Nf8 41.
Rf7+ 1-0

[Event "Kaupthing Open 2008"]
[Site "Differdange LUX"]
[Date "2008.05.11"]
[Round "2.1"]
[White "Marzolo, Cyril"]
[Black "Socko, Bartosz"]
[Result "1/2-1/2"]
[WhiteElo "2476"]
[BlackElo "2644"]
[PlyCount "33"]
[EventDate "2008.05.10"]
[EventType "swiss"]
[EventRounds "9"]
[EventCountry "LUX"]
[Source "lmi"]
[SourceDate "2008.05.10"]

1. Nf3 Nf6 2. c4 c5 3. Nc3 Nc6 4. e3 d5 5. cxd5 Nxd5 6. Bb5 Nxc3 7. bxc3 Qd6 8.
d4 cxd4 9. exd4 a6 10. Bd3 g6 11. O-O Bg7 12. a4 O-O 13. Re1 Rd8 14. Bc4 e6 15.
Bg5 Re8 16. Ba2 Bd7 17. Nd2 1/2-1/2

[Event "Kaupthing Open 2008"]
[Site "Differdange LUX"]
[Date "2008.05.11"]
[Round "2.2"]
[White "Istratescu, Andrei"]
[Black "Haub, Thorsten Michael"]
[Result "1/2-1/2"]
[WhiteElo "2628"]
[BlackElo "2467"]
[PlyCount "51"]
[EventDate "2008.05.10"]
[EventType "swiss"]
[EventRounds "9"]
[EventCountry "LUX"]
[Source "lmi"]
[SourceDate "2008.05.10"]

1. e4 g6 2. d4 Bg7 3. Nc3 d6 4. Bg5 h6 5. Be3 a6 6. Qd2 e6 7. a4 b6 8. f3 Nd7
9. Nh3 Ne7 10. Nf2 d5 11. Rd1 Bb7 12. exd5 Bxd5 13. Bd3 Nf6 14. O-O Bb7 15. Be4
Nxe4 16. fxe4 f5 17. a5 g5 18. exf5 Nxf5 19. axb6 cxb6 20. Ng4 O-O 21. Bf2 h5
22. Ne5 Bxe5 23. dxe5 Qxd2 24. Rxd2 b5 25. Rfd1 Bc6 26. Ne2 1/2-1/2

[Event "Kaupthing Open 2008"]
[Site "Differdange LUX"]
[Date "2008.05.11"]
[Round "2.3"]
[White "Kritz, Leonid"]
[Black "Thorhallsson, Throstur"]
[Result "1-0"]
[WhiteElo "2609"]
[BlackElo "2437"]
[PlyCount "91"]
[EventDate "2008.05.10"]
[EventType "swiss"]
[EventRounds "9"]
[EventCountry "LUX"]
[Source "lmi"]
[SourceDate "2008.05.10"]

1. e4 e6 2. Nc3 d5 3. d4 Nf6 4. e5 Nfd7 5. f4 c5 6. Nf3 Nc6 7. Be3 Be7 8. Qd2
O-O 9. Be2 a6 10. O-O b5 11. Rad1 cxd4 12. Nxd4 Nxd4 13. Bxd4 b4 14. Na4 Bb7
15. Qe3 Bc6 16. Nb6 Nxb6 17. Bxb6 Qd7 18. g4 Bb5 19. Bd3 Rfc8 20. f5 Bxd3 21.
cxd3 Qc6 22. Bd4 Qa4 23. f6 Bf8 24. fxg7 Bxg7 25. h4 h6 26. h5 Rc2 27. g5 b3
28. axb3 Qb4 29. Kh1 hxg5 30. Rg1 Bh6 31. Rdf1 Re2 32. Qxe2 Qxd4 33. Rg4 Qc5
34. d4 Qb5 35. Qf3 Ra7 36. Rc1 Ra8 37. Rg2 Rf8 38. Qf6 Kh7 39. Rc7 Kg8 40. Rc3
Kh7 41. Rc7 Kg8 42. Rxg5+ Bxg5 43. Qxg5+ Kh7 44. Qg6+ Kh8 45. Qh6+ Kg8 46. Rc1
1-0

[Event "Kaupthing Open 2008"]
[Site "Differdange LUX"]
[Date "2008.05.11"]
[Round "2.5"]
[White "Drozdovskij, Yuri"]
[Black "Dembo, Yelena"]
[Result "1-0"]
[WhiteElo "2581"]
[BlackElo "2429"]
[PlyCount "73"]
[EventDate "2008.05.10"]
[EventType "swiss"]
[EventRounds "9"]
[EventCountry "LUX"]
[Source "lmi"]
[SourceDate "2008.05.10"]

1. d4 Nf6 2. c4 g6 3. Nf3 Bg7 4. g3 O-O 5. Bg2 d6 6. O-O Nc6 7. Nc3 a6 8. h3
Rb8 9. e4 Nd7 10. Bg5 Na5 11. b3 c5 12. Rc1 Nc6 13. d5 Na5 14. Ne2 b5 15. Bd2
Qb6 16. Qc2 Ne5 17. Nxe5 Bxe5 18. Kh2 Bd7 19. Qd3 Bg7 20. f4 Qc7 21. cxb5 axb5
22. Bc3 Ra8 23. Bxg7 Kxg7 24. e5 Nb7 25. e6 fxe6 26. dxe6 Bc6 27. Bxc6 Qxc6 28.
Rc2 b4 29. f5 Rf6 30. g4 d5 31. Nf4 d4 32. Rg2 Qd6 33. Kg1 Qe5 34. Qf3 Qe3+ 35.
Qxe3 dxe3 36. Nd5 Rff8 37. Nxe7 1-0

[Event "Kaupthing Open 2008"]
[Site "Differdange LUX"]
[Date "2008.05.11"]
[Round "2.6"]
[White "Dzagnidze, Nana"]
[Black "Schlosser, Philipp"]
[Result "1-0"]
[WhiteElo "2443"]
[BlackElo "2562"]
[PlyCount "51"]
[EventDate "2008.05.10"]
[EventType "swiss"]
[EventRounds "9"]
[EventCountry "LUX"]
[Source "lmi"]
[SourceDate "2008.05.10"]

1. d4 Nf6 2. c4 e6 3. Nc3 Bb4 4. Qc2 d5 5. cxd5 exd5 6. Bg5 h6 7. Bh4 c5 8.
dxc5 g5 9. Bg3 Ne4 10. e3 Qf6 11. Rc1 Nc6 12. Bd3 Nxc5 13. Nge2 Nxd3+ 14. Qxd3
Bf5 15. Qb5 a6 16. Qxb7 Ra7 17. Qb6 Ba5 18. Qb3 Bd3 19. O-O Bxc3 20. Nxc3 Bxf1
21. Nxd5 Qg6 22. Rxc6 Qxc6 23. Qb8+ Kd7 24. Qxa7+ Ke6 25. e4 Re8 26. Qd4 1-0

[Event "Kaupthing Open 2008"]
[Site "Differdange LUX"]
[Date "2008.05.11"]
[Round "2.7"]
[White "Gharamian, Tigran"]
[Black "Faibisovich, Vadim Z"]
[Result "1/2-1/2"]
[WhiteElo "2554"]
[BlackElo "2421"]
[PlyCount "81"]
[EventDate "2008.05.10"]
[EventType "swiss"]
[EventRounds "9"]
[EventCountry "LUX"]
[Source "lmi"]
[SourceDate "2008.05.10"]

1. e4 c5 2. Nf3 Nc6 3. Bb5 g6 4. Bxc6 dxc6 5. d3 Bg7 6. h3 e5 7. Be3 Qe7 8. Qd2
Nf6 9. Bh6 O-O 10. Nc3 Ne8 11. h4 f6 12. Be3 h5 13. O-O-O Nc7 14. Rdg1 Ne6 15.
g4 Nd4 16. Nh2 hxg4 17. f3 f5 18. exf5 gxf5 19. fxg4 fxg4 20. Ne4 Nf3 21. Nxf3
Rxf3 22. h5 Kh8 23. Bxc5 Qe6 24. h6 Bf6 25. Bf8 Qxa2 26. Qc3 Kh7 27. Bg7 Be7
28. Bxe5 Qf7 29. Bd6 Bf6 30. Be5 Be7 31. Bd6 Bf6 32. Nxf6+ Qxf6 33. Re1 Qxc3
34. Re7+ Kg6 35. bxc3 Rh3 36. Rf1 Rf3 37. Rh1 Rh3 38. Rhe1 Rxh6 39. Re8 Rh7 40.
Rd8 Rd7 41. Re6+ 1/2-1/2

[Event "Kaupthing Open 2008"]
[Site "Differdange LUX"]
[Date "2008.05.11"]
[Round "3.1"]
[White "Socko, Monika"]
[Black "Kritz, Leonid"]
[Result "1/2-1/2"]
[WhiteElo "2505"]
[BlackElo "2609"]
[PlyCount "60"]
[EventDate "2008.05.10"]
[EventType "swiss"]
[EventRounds "9"]
[EventCountry "LUX"]
[Source "lmi"]
[SourceDate "2008.05.10"]

1. e4 c5 2. Nf3 Nf6 3. Nc3 d6 4. g3 Nc6 5. d3 g6 6. Bg2 Bg7 7. O-O O-O 8. h3
Rb8 9. Be3 Nd7 10. Qd2 Nd4 11. Nh2 b5 12. Nd1 Bb7 13. c3 Nc6 14. Bh6 b4 15.
Bxg7 Kxg7 16. Ne3 bxc3 17. bxc3 Nf6 18. f4 Ng8 19. Nf3 e5 20. f5 f6 21. h4 Nce7
22. fxg6 hxg6 23. c4 Bc8 24. Kh2 Nh6 25. Bh3 Bxh3 26. Kxh3 Qd7+ 27. Kg2 Ng4 28.
Nxg4 Qxg4 29. Rf2 Nc6 30. Raf1 Rb7 1/2-1/2

[Event "Kaupthing Open 2008"]
[Site "Differdange LUX"]
[Date "2008.05.11"]
[Round "3.5"]
[White "Socko, Bartosz"]
[Black "Dzagnidze, Nana"]
[Result "0-1"]
[WhiteElo "2644"]
[BlackElo "2443"]
[PlyCount "62"]
[EventDate "2008.05.10"]
[EventType "swiss"]
[EventRounds "9"]
[EventCountry "LUX"]
[Source "lmi"]
[SourceDate "2008.05.10"]

1. d4 Nf6 2. c4 e6 3. Nc3 Bb4 4. Nf3 b6 5. Bg5 h6 6. Bh4 Bb7 7. e3 Bxc3+ 8.
bxc3 d6 9. Bd3 Nbd7 10. Qc2 Qe7 11. O-O g5 12. Bg3 O-O-O 13. e4 Nh5 14. Nd2 Nf4
15. a4 a5 16. Rfb1 h5 17. f3 Rdg8 18. Bf1 h4 19. Bf2 g4 20. Be3 Qf6 21. Qd1
gxf3 22. Qxf3 Nxg2 23. Bxg2 h3 24. Rf1 Qxf3 25. Rxf3 Rxg2+ 26. Kh1 Rxd2 27.
Bxd2 Bxe4 28. Raf1 Rg8 29. Bf4 Rg6 30. R1f2 e5 31. Bg3 Rf6 0-1

[Event "Kaupthing Open 2008"]
[Site "Differdange LUX"]
[Date "2008.05.11"]
[Round "3.6"]
[White "Gunnarsson, Jon Viktor"]
[Black "Istratescu, Andrei"]
[Result "0-1"]
[WhiteElo "2431"]
[BlackElo "2628"]
[PlyCount "46"]
[EventDate "2008.05.10"]
[EventType "swiss"]
[EventRounds "9"]
[EventCountry "LUX"]
[Source "lmi"]
[SourceDate "2008.05.10"]

1. e4 c5 2. Nf3 e6 3. d4 cxd4 4. Nxd4 a6 5. Nc3 Qc7 6. Bd3 b5 7. O-O Bb7 8. Re1
Nf6 9. a3 Nc6 10. Nxc6 Qxc6 11. Qf3 d6 12. Bf4 Be7 13. Qh3 Nd7 14. Nd5 exd5 15.
exd5 Qc7 16. Bg5 f6 17. Bxh7 Nf8 18. Qh5+ Kd8 19. Qf7 Rxh7 20. Bd2 g5 21. Qg8
Qc4 22. Ba5+ Kd7 23. Rad1 Qh4 0-1

[Event "Kaupthing Open 2008"]
[Site "Differdange LUX"]
[Date "2008.05.11"]
[Round "3.7"]
[White "Stefansson, Hannes"]
[Black "Tania, Sachdev"]
[Result "1-0"]
[WhiteElo "2583"]
[BlackElo "2423"]
[PlyCount "59"]
[EventDate "2008.05.10"]
[EventType "swiss"]
[EventRounds "9"]
[EventCountry "LUX"]
[Source "lmi"]
[SourceDate "2008.05.10"]

1. e4 e5 2. Nf3 Nc6 3. Bb5 a6 4. Ba4 Nf6 5. O-O Bc5 6. c3 b5 7. Bb3 d6 8. a4
Bg4 9. h3 Bh5 10. d3 Rb8 11. Re1 O-O 12. Nbd2 h6 13. a5 Bxf3 14. Nxf3 Re8 15.
Nh4 Nh7 16. Qg4 Qf6 17. Rf1 Kh8 18. Be3 g5 19. Nf5 Ne7 20. Ng3 Qg6 21. d4 exd4
22. cxd4 Bb4 23. f4 gxf4 24. Qxf4 d5 25. Qxh6 Qxg3 26. Rxf7 Qg6 27. Rxe7 Qxh6
28. Rxe8+ Rxe8 29. Bxh6 dxe4 30. Bf4 1-0

[Event "Kaupthing Open 2008"]
[Site "Differdange LUX"]
[Date "2008.05.12"]
[Round "4.1"]
[White "Dzagnidze, Nana"]
[Black "Stefansson, Hannes"]
[Result "0-1"]
[WhiteElo "2443"]
[BlackElo "2583"]
[PlyCount "122"]
[EventDate "2008.05.10"]
[EventType "swiss"]
[EventRounds "9"]
[EventCountry "LUX"]
[Source "lmi"]
[SourceDate "2008.05.10"]

1. d4 Nf6 2. c4 e6 3. Nf3 d5 4. Nc3 c6 5. Bg5 Nbd7 6. e3 Qa5 7. Nd2 Bb4 8. Qc2
O-O 9. Be2 c5 10. Nb3 Qc7 11. Bxf6 Nxf6 12. dxc5 dxc4 13. Bxc4 Bxc5 14. Nxc5
Qxc5 15. Be2 Bd7 16. O-O Bc6 17. Bf3 Bxf3 18. gxf3 Nd5 19. Rfc1 Nxc3 20. Qxc3
Qh5 21. Kg2 Rad8 22. Rd1 Rc8 23. Qb3 Rc5 24. Qxb7 Rg5+ 25. Kh1 Rb5 26. Qe4 Rxb2
27. Kg2 Qg5+ 28. Kf1 Qb5+ 29. Kg2 g6 30. a4 Qe2 31. Rf1 Rfb8 32. Rad1 a5 33.
Rd7 Qc2 34. Qf4 Rf8 35. Ra7 Qc5 36. Rc7 Qd5 37. Rfc1 Qd2 38. Rf1 Rb4 39. Rc4
Rxc4 40. Qxc4 Rb8 41. Qc5 Rb4 42. e4 Rb2 43. Rc1 Rb3 44. Qc8+ Kg7 45. Qc5 Rb2
46. Kg3 Ra2 47. h4 h5 48. Rb1 Rc2 49. Qe5+ Kh7 50. Rf1 Ra2 51. Qc7 Kg7 52. Qe5+
Kf8 53. Qb8+ Ke7 54. Qa7+ Kf6 55. Rb1 g5 56. Rb7 Qf4+ 57. Kg2 Kg7 58. Qd4+ e5
59. Qc4 g4 60. Qb3 Ra1 61. fxg4 Qxe4+ 0-1

[Event "Kaupthing Open 2008"]
[Site "Differdange LUX"]
[Date "2008.05.12"]
[Round "4.2"]
[White "Istratescu, Andrei"]
[Black "Socko, Monika"]
[Result "1-0"]
[WhiteElo "2628"]
[BlackElo "2505"]
[PlyCount "109"]
[EventDate "2008.05.10"]
[EventType "swiss"]
[EventRounds "9"]
[EventCountry "LUX"]
[Source "lmi"]
[SourceDate "2008.05.10"]

1. e4 e6 2. d4 d5 3. Nc3 Nf6 4. Bg5 Bb4 5. e5 h6 6. Be3 Ne4 7. Qg4 g6 8. a3
Bxc3+ 9. bxc3 Nxc3 10. Bd3 Nc6 11. h4 Ne7 12. Bd2 Ne4 13. Bxe4 dxe4 14. Ne2 Bd7
15. c4 Bc6 16. Bc3 h5 17. Qf4 Nf5 18. Ng3 Qe7 19. Nxe4 Bxe4 20. Qxe4 O-O-O 21.
Ke2 Qd7 22. Rab1 Qc6 23. Qxc6 bxc6 24. Rbd1 Rd7 25. Kf3 Rhd8 26. Ke4 c5 27. d5
Ne7 28. dxe6 fxe6 29. Rxd7 Rxd7 30. g3 Kb7 31. Rb1+ Kc6 32. a4 Rd8 33. a5 a6
34. Rc1 Nf5 35. Kf4 Nd4 36. Kg5 Rf8 37. Be1 Nf3+ 38. Kxg6 Nxe5+ 39. Kxh5 Rf5+
40. Kh6 Kd7 41. f4 Ng4+ 42. Kg6 Nf6 43. Bc3 Ng8 44. Be5 Ne7+ 45. Kh6 Ke8 46. g4
Rf7 47. h5 Nc6 48. g5 Ne7 49. g6 Ng8+ 50. Kg5 Rf5+ 51. Kh4 Nf6 52. Bxf6 Rxf4+
53. Kg5 Rf5+ 54. Kh6 Rxf6 55. Kh7 1-0

[Event "Kaupthing Open 2008"]
[Site "Differdange LUX"]
[Date "2008.05.12"]
[Round "4.3"]
[White "Kritz, Leonid"]
[Black "Velicka, Petr"]
[Result "1/2-1/2"]
[WhiteElo "2609"]
[BlackElo "2496"]
[PlyCount "115"]
[EventDate "2008.05.10"]
[EventType "swiss"]
[EventRounds "9"]
[EventCountry "LUX"]
[Source "lmi"]
[SourceDate "2008.05.10"]

1. e4 c6 2. d4 d5 3. e5 Bf5 4. Nf3 e6 5. Be2 Nd7 6. O-O h6 7. Nbd2 Ne7 8. Nb3
Bh7 9. Bd2 Nf5 10. Na5 Qb6 11. Nb3 a5 12. a4 Bb4 13. c3 Be7 14. c4 dxc4 15.
Bxc4 Bb4 16. Bc3 O-O 17. Qd2 Ne7 18. Bxb4 Qxb4 19. Qxb4 axb4 20. Nfd2 Bc2 21.
Be2 Ra7 22. Rfc1 Bxb3 23. Nxb3 Rfa8 24. a5 b6 25. Ra4 bxa5 26. Rca1 Nd5 27.
Rxa5 Rxa5 28. Rxa5 Rxa5 29. Nxa5 c5 30. Bb5 N5b6 31. dxc5 Nxc5 32. Kf1 Nca4 33.
Bxa4 Nxa4 34. b3 Nc5 35. Ke2 f6 36. f4 g5 37. fxg5 hxg5 38. exf6 Kf7 39. Kd2
Kxf6 40. Kc2 Kf5 41. Nc6 Kf4 42. Nxb4 Ke3 43. Nc6 Nd7 44. b4 e5 45. g3 g4 46.
Ne7 e4 47. Nd5+ Kf2 48. Kd2 Nb6 49. Ne3 Kf3 50. b5 Nd7 51. Nxg4 Kxg4 52. Ke3
Kf5 53. Kd4 Nb6 54. h4 Nc8 55. h5 Kg5 56. g4 e3 57. Kd3 Kh6 58. Kxe3 1/2-1/2

[Event "Kaupthing Open 2008"]
[Site "Differdange LUX"]
[Date "2008.05.12"]
[Round "4.4"]
[White "Drozdovskij, Yuri"]
[Black "Siebrecht, Sebastian"]
[Result "1-0"]
[WhiteElo "2581"]
[BlackElo "2490"]
[PlyCount "105"]
[EventDate "2008.05.10"]
[EventType "swiss"]
[EventRounds "9"]
[EventCountry "LUX"]
[Source "lmi"]
[SourceDate "2008.05.10"]

1. d4 f5 2. Nc3 Nf6 3. Bg5 d5 4. Bxf6 exf6 5. e3 Be6 6. Qf3 Nc6 7. Bb5 Qd7 8.
Nge2 O-O-O 9. Nf4 Bf7 10. Nd3 g6 11. a3 Qe6 12. O-O Nb8 13. b4 h5 14. Nc5 Qe7
15. Bd3 h4 16. Nb5 Nc6 17. h3 Bh6 18. a4 Rhe8 19. c3 Qf8 20. Na3 Re7 21. Bb5
Rd6 22. Bxc6 Rxc6 23. Nb5 Kb8 24. c4 Qg8 25. Nc3 Rd6 26. b5 g5 27. Qxf5 dxc4
28. N3e4 Bg6 29. Nxf6 Qf7 30. Qf3 c6 31. Nfe4 Qxf3 32. gxf3 Rd8 33. bxc6 b6 34.
Nd7+ Kc7 35. d5 Bxe4 36. fxe4 Bg7 37. e5 Bxe5 38. Rac1 c3 39. f3 Bg7 40. e4 a6
41. Rfd1 Rexd7 42. cxd7 Kxd7 43. Kf1 b5 44. axb5 axb5 45. Ra1 Kd6 46. Ra6+ Kc5
47. Rc6+ Kb4 48. Rb1+ Ka5 49. Rc5 Rb8 50. d6 Ka4 51. d7 Rd8 52. Rcxb5 Rxd7 53.
Rb8 1-0

[Event "Kaupthing Open 2008"]
[Site "Differdange LUX"]
[Date "2008.05.12"]
[Round "4.5"]
[White "Edouard, Romain"]
[Black "Frolyanov, Dmitry"]
[Result "1-0"]
[WhiteElo "2509"]
[BlackElo "2553"]
[PlyCount "103"]
[EventDate "2008.05.10"]
[EventType "swiss"]
[EventRounds "9"]
[EventCountry "LUX"]
[Source "lmi"]
[SourceDate "2008.05.10"]

1. e4 e5 2. Nf3 Nf6 3. Nxe5 d6 4. Nf3 Nxe4 5. d4 d5 6. Bd3 Nc6 7. O-O Be7 8.
Nc3 Bf5 9. Re1 Nxc3 10. bxc3 Bxd3 11. Qxd3 O-O 12. c4 dxc4 13. Qxc4 Bf6 14. Ba3
Re8 15. Rxe8+ Qxe8 16. Re1 Qd7 17. d5 Ne7 18. Ne5 Bxe5 19. Rxe5 Ng6 20. Re4 Re8
21. f4 h6 22. h3 Rd8 23. Qd4 Kh7 24. c4 f6 25. Kh2 b6 26. Qd3 f5 27. Re1 Nxf4
28. Qf3 Ng6 29. Re6 Qf7 30. g4 Rd7 31. Qxf5 Qxf5 32. gxf5 Nh4 33. f6 gxf6 34.
Rxf6 b5 35. Bc1 Ng6 36. cxb5 Rxd5 37. a4 Ne5 38. Rxh6+ Kg7 39. Ra6 Rc5 40. Be3
Rc4 41. a5 Rb4 42. Rxa7 Rxb5 43. Rxc7+ Kf6 44. a6 Rb2+ 45. Kg1 Nf3+ 46. Kf1 Kf5
47. a7 Ra2 48. Rc8 Nh2+ 49. Ke1 Ke4 50. a8=Q+ Rxa8 51. Rxa8 Kxe3 52. Ra3+ 1-0

[Event "Kaupthing Open 2008"]
[Site "Differdange LUX"]
[Date "2008.05.12"]
[Round "4.6"]
[White "Feller, Sebastien"]
[Black "Kristjansson, Stefan"]
[Result "1-0"]
[WhiteElo "2540"]
[BlackElo "2485"]
[PlyCount "101"]
[EventDate "2008.05.10"]
[EventType "swiss"]
[EventRounds "9"]
[EventCountry "LUX"]
[Source "lmi"]
[SourceDate "2008.05.10"]

1. Nf3 Nf6 2. c4 c5 3. Nc3 e6 4. d4 cxd4 5. Nxd4 a6 6. e4 Qc7 7. Be2 d6 8. O-O
Nbd7 9. Be3 b6 10. f3 Be7 11. Qd2 Bb7 12. a4 O-O 13. Rfc1 Rfe8 14. a5 Rac8 15.
axb6 Nxb6 16. Nb3 Nxc4 17. Bxc4 Qxc4 18. Na5 Qc7 19. Nd5 exd5 20. Rxc7 Rxc7 21.
Nxb7 Rxb7 22. exd5 Rb5 23. Ra5 Reb8 24. Bd4 Nxd5 25. Rxa6 Nb4 26. Ra4 Nc6 27.
Bc3 Bf8 28. Rc4 Rc5 29. Rxc5 dxc5 30. Qd7 Nd4 31. Bxd4 cxd4 32. Qxd4 g6 33. Qe5
Rb7 34. Qc3 h5 35. b3 Rb4 36. Kf1 Rb6 37. Ke2 Rb5 38. Qc4 Rb4 39. Qd5 Rb6 40.
f4 Rb4 41. f5 gxf5 42. Kd3 h4 43. h3 Bg7 44. Kc2 Rf4 45. Qd8+ Kh7 46. Qg5 Rf2+
47. Kd3 Kg8 48. b4 Rb2 49. Kc4 Rc2+ 50. Kd5 Rb2 51. Kc5 1-0